Países limítrofes por diferencia de IDH - Estadísticas

Estadísticas generales
  • Esta prueba ha sido intentada 3.827 veces
    1.798 desde el último reinicio
  • La puntuación promedio es 22 de 33
Estadísticas de respuestas
País % Correcto
China
91%
Irán
82%
Israel
81%
Egipto
80%
Siria
80%
Irak
79%
Arabia Saudita
78%
Marruecos
76%
Pakistán
76%
Turquía
76%
Afganistán
75%
Jordania
75%
Omán
75%
Yemen
75%
Líbano
73%
España
71%
Sudáfrica
70%
Argelia
62%
Níger
61%
Turkmenistán
60%
Chad
59%
Libia
58%
Uzbekistán
58%
Malí
57%
Tailandia
57%
Laos
56%
Camboya
53%
Myanmar
53%
Mozambique
52%
Haití
50%
República Dominicana
49%
Chile
38%
Bolivia
37%
No se encontraron pruebas coincidentes
Distribución de puntuación
Porcentaje de gente con cada puntuación
Porcentaje por número respondido
Historial de tus puntuaciones
No has intentado esta prueba desde el último reinicio